Coordinación grafo-motriz: escritura y ortografía, seguimiento 2.7

保存先:
書誌詳細
団体著者: Departamento de Investigación del I.C.C.E (著者)
フォーマット: 図書
言語:スペイン語
出版事項: Madrid I.C.C.E 1998
シリーズ:Refuerzo y Desarrollo de Habilidades Mentales Básicas
主題:
タグ: タグ追加
タグなし, このレコードへの初めてのタグを付けませんか!

MARC

LEADER 00000nam a2200000 a 4500
001 UCO6603
003 CL-VaPUC
008 001027e19980000SP |||||||||||||||||spa|d
082 0 4 |a 372.6  |b DEP  |2 21 
110 2 |a Departamento de Investigación del I.C.C.E  |e author  |9 451377 
245 1 0 |a Coordinación grafo-motriz: escritura y ortografía, seguimiento 2.7 
300 |a 111 p 
942 |c BK 
945 |d 20001027 00:00:00  |a vberengu 
260 |a Madrid  |b I.C.C.E  |c 1998 
650 0 |a Educación básica   |9 224933 
650 0 |a Enseñanza de la escritura  |9 307377 
650 0 |a Métodos de enseñanza  |9 270413 
650 0 |a Ortografía  |9 309144 
583 |a last modification  |c 20001027 00:00:00  |k Rodrigo Vera 
490 0 |a Refuerzo y Desarrollo de Habilidades Mentales Básicas 
999 |c 292085  |d 292083 
952 |0 0  |1 0  |4 0  |6 372_600000000000000_DEP_1998  |7 0  |8 A  |9 342645  |a BIBEDU  |b BIBEDU  |d 2019-11-20  |i 3660826  |o 372.6 DEP 1998  |p 3660826  |r 2019-11-20  |w 2019-11-20  |y BK  |k BME